| 000 | 00441cam a2200181ua 4500 | ||
|---|---|---|---|
| 020 | _c30.00 | ||
| 041 |
_aeng _h |
||
| 082 |
_a828.09 _bHAR/SH |
||
| 100 | _aHarrison, G B . | ||
| 245 |
_aShakespear`s tragedies / _cG B Harrison. _hTextual Documents |
||
| 250 |
_a1 / _b. |
||
| 260 |
_aLondon : _bRoutledge & Kegan Paul Ltd , _c1966. |
||
| 300 | _a277 ; . | ||
| 365 | _a30.00 | ||
| 504 | _a | ||
| 942 | _cBK | ||
| 999 |
_c5316 _d5316 |
||